[Event "Asia-ch"]
[Site "Al Ain"]
[Date "2025.05.14"]
[Round "8"]
[White "Chen, Qi B"]
[Black "Arfan, Aditya Bagus"]
[Result "1/2-1/2"]
[WhiteElo "2482"]
[BlackElo "2402"]
[PlyCount "61"]
[EventDate "2025.05.07"]
[EventType "swiss"]
[EventRounds "9"]
[EventCountry "UAE"]
[SourceTitle "CB21_2025"]
[SourceDate "2025.05.21"]
[SourceVersion "1"]
[SourceVersionDate "2025.05.21"]
[SourceQuality "1"]

1. e4 c5 2. Nf3 d6 3. d4 cxd4 4. Nxd4 Nf6 5. Nc3 a6 6. Nb3 e6 7. g4 b5 8. Bg2 Bb7 9. g5 Nfd7 10. f4 Be7 11. Qh5 0-0 12. 0-0 g6 13. Qh4 b4 14. Ne2 Qb6+ 15. Rf2 Rc8 16. f5 exf5 17. exf5 Bxg2 18. Kxg2 Qb7+ 19. Kg1 Ne5 20. Nbd4 Qd5 21. Be3 Nbc6 22. Raf1 Nxd4 23. Nxd4 Bf8 24. b3 a5 25. Qf4 Re8 26. Rd2 Ng4 27. Qxg4 Rxe3 28. Qg2 Qxg2+ 29. Kxg2 Re4 30. h3 Rc8 31. Ne2 1/2-1/2

[Event "Asia-ch"]
[Site "Al Ain"]
[Date "2025.05.13"]
[Round "7"]
[White "Arfan, Aditya Bagus"]
[Black "Ilkhomi, Jaloliddin"]
[Result "1-0"]
[WhiteElo "2402"]
[BlackElo "2272"]
[PlyCount "123"]
[EventDate "2025.05.07"]
[EventType "swiss"]
[EventRounds "9"]
[EventCountry "UAE"]
[SourceTitle "CB21_2025"]
[SourceDate "2025.05.21"]
[SourceVersion "1"]
[SourceVersionDate "2025.05.21"]
[SourceQuality "1"]

1. Nf3 Nf6 2. c4 b6 3. g3 Bb7 4. Bg2 e6 5. 0-0 Be7 6. Nc3 0-0 7. d4 Ne4 8. Qc2 Nxc3 9. Qxc3 c5 10. Rd1 cxd4 11. Nxd4 Bxg2 12. Kxg2 Qc8 13. b3 Nc6 14. Bb2 Nxd4 15. Qxd4 Bf6 16. Qd2 Qc6+ 17. f3 Bxb2 18. Qxb2 Rfd8 19. Rd4 d6 20. Rad1 Rd7 21. R1d3 Rad8 22. Qd2 b5 23. Qa5 bxc4 24. Rxc4 Qb7 25. Rdc3 h6 26. Rc7 Qb8 27. R3c6 d5 28. Qc5 Rxc7 29. Rxc7 Qb6 30. Qxb6 axb6 31. a4 d4 32. Rb7 Rd6 33. f4 f6 34. b4 e5 35. Kf3 d3 36. exd3 Rxd3+ 37. Kg4 exf4 38. gxf4 Ra3 39. Kf5 Kh7 40. Rxb6 Rxa4 41. Kg4 Ra1 42. Rc6 Rg1+ 43. Kf5 Rh1 44. Rc2 Rb1 45. Rc4 Rh1 46. b5 Rb1 47. Rc5 Rb4 48. Rd5 h5 49. Ke6 Rxf4 50. Kd6 g5 51. b6 Rb4 52. Kc6 Kg6 53. b7 Rxb7 54. Kxb7 g4 55. Kc6 f5 56. Kc5 Kg5 57. Kd4 Kf4 58. Kd3 g3 59. hxg3+ Kxg3 60. Rxf5 h4 61. Ke2 h3 62. Kf1 1-0

[Event "Asia-ch"]
[Site "Al Ain"]
[Date "2025.05.08"]
[Round "2"]
[White "Mendonca, Leon Luke"]
[Black "Arfan, Aditya Bagus"]
[Result "1-0"]
[WhiteElo "2630"]
[BlackElo "2402"]
[PlyCount "93"]
[EventDate "2025.05.07"]
[EventType "swiss"]
[EventRounds "9"]
[EventCountry "UAE"]
[SourceTitle "CB21_2025"]
[SourceDate "2025.05.21"]
[SourceVersion "1"]
[SourceVersionDate "2025.05.21"]
[SourceQuality "1"]

1. e4 c5 2. Nf3 d6 3. d4 cxd4 4. Nxd4 Nf6 5. Nc3 a6 6. Be3 e5 7. Nb3 Be6 8. f3 Be7 9. Qd2 0-0 10. 0-0-0 Nbd7 11. g4 b5 12. g5 b4 13. gxf6 bxc3 14. Qxc3 Nxf6 15. Na5 Rc8 16. Nc6 Qc7 17. Nxe7+ Qxe7 18. Qa5 Rc6 19. Rg1 Rfc8 20. Rd2 Nh5 21. Be2 Qf6 22. Rgd1 h6 23. b3 Nf4 24. Bf1 Nh3 25. Bb6 Qxf3 26. Bxa6 Qxe4 27. Bxc8 Rxc8 28. c4 Bg4 29. Qd5 Qxd5 30. Rxd5 Bxd1 31. Kxd1 Rc6 32. Rb5 Nf4 33. a4 Ne6 34. a5 Nc5 35. Kd2 f5 36. b4 Nd7 37. Bg1 Kf7 38. Rb7 Ke6 39. b5 Rc8 40. a6 e4 41. a7 f4 42. Bd4 e3+ 43. Ke2 Rf8 44. Kf1 g5 45. b6 g4 46. Rxd7 g3 47. Rh7 1-0

[Event "Bandung GM"]
[Site "Bandung"]
[Date "2025.02.20"]
[Round "6"]
[White "Priasmoro, Novendra"]
[Black "Arfan, Aditya Bagus"]
[Result "0-1"]
[WhiteElo "2437"]
[BlackElo "2402"]
[PlyCount "118"]
[EventDate "2025.02.16"]
[EventType "tourn"]
[EventRounds "11"]
[EventCountry "INA"]
[EventCategory "9"]
[SourceTitle "CB10_2025"]
[SourceDate "2025.03.05"]
[SourceVersion "1"]
[SourceVersionDate "2025.03.05"]
[SourceQuality "1"]

1. e4 c6 2. d4 d5 3. e5 Bf5 4. Nf3 e6 5. Be2 Nd7 6. 0-0 h6 7. c3 Ne7 8. a4 Bh7 9. a5 a6 10. b4 g5 11. Nbd2 Nf5 12. Nb3 Be7 13. Ne1 Bg6 14. Nc5 Rb8 15. Ned3 h5 16. Nxd7 Qxd7 17. Nc5 Qd8 18. Be3 Nh4 19. Ra2 Kf8 20. Qc1 Kg7 21. Rd1 Rg8 22. c4 g4 23. Ra3 Kh8 24. Bf4 Bf5 25. Kh1 Kh7 26. Rc3 Ng6 27. Be3 Nh4 28. Bf1 Rg7 29. Qd2 Rg8 30. Qa2 Rg6 31. cxd5 cxd5 32. Rdc1 Rg8 33. Qd2 Qe8 34. Bd3 Bxd3 35. Nxd3 Nf5 36. Rc7 Bd8 37. R7c2 Kg7 38. Nf4 Rh8 39. Ne2 Kg6 40. Qd3 Qb5 41. Qxb5 axb5 42. Rc5 Be7 43. Rxb5 Rhc8 44. Rxc8 Rxc8 45. Rxb7 Nxe3 46. fxe3 Bg5 47. Kg1 Bxe3+ 48. Kf1 Rc2 49. g3 Rb2 50. Nc3 Rxh2 51. Rb8 Kg7 52. a6 h4 53. a7 hxg3 54. Rg8+ Kxg8 55. a8Q+ Kg7 56. Ne2 g2+ 57. Ke1 Rh1+ 58. Ng1 Rxg1+ 59. Ke2 Re1+ 0-1

[Event "Bandung GM"]
[Site "Bandung"]
[Date "2025.02.18"]
[Round "4"]
[White "Sethuraman, SP."]
[Black "Arfan, Aditya Bagus"]
[Result "1-0"]
[WhiteElo "2557"]
[BlackElo "2402"]
[PlyCount "91"]
[EventDate "2025.02.16"]
[EventType "tourn"]
[EventRounds "11"]
[EventCountry "INA"]
[EventCategory "9"]
[SourceTitle "CB10_2025"]
[SourceDate "2025.03.05"]
[SourceVersion "1"]
[SourceVersionDate "2025.03.05"]
[SourceQuality "1"]

1. e4 c5 2. Nf3 d6 3. d4 cxd4 4. Nxd4 Nf6 5. Nc3 Nc6 6. Bg5 e6 7. Qd2 a6 8. 0-0-0 Bd7 9. f3 Nxd4 10. Qxd4 Be7 11. Kb1 Qc7 12. Qd2 b5 13. Bd3 b4 14. Ne2 a5 15. g4 Rb8 16. Be3 Bc6 17. Nd4 Nd7 18. h4 Nc5 19. g5 0-0 20. h5 Rfc8 21. g6 Bf6 22. Bc4 Be8 23. gxf7+ Bxf7 24. Nb5 Qc6 25. Na7 Nxe4 26. fxe4 Qxc4 27. Nxc8 Rxc8 28. Qd3 h6 29. Rdf1 Kh7 30. Bf2 e5 31. Qxc4 Bxc4 32. Rd1 Be2 33. Rxd6 Bf3 34. Re1 Bxh5 35. Rd5 Bf3 36. Rxa5 h5 37. a3 Rb8 38. Ra4 h4 39. Rxb4 Rh8 40. Rb3 Bg2 41. Bxh4 Bxh4 42. Rg1 Bxe4 43. Rg4 Bxc2+ 44. Kxc2 g5 45. Rb6 Rc8+ 46. Kd3 1-0

[Event "Johor op 9th"]
[Site "Johor"]
[Date "2025.01.23"]
[Round "9"]
[White "Arfan, Aditya Bagus"]
[Black "Raahul, VS."]
[Result "0-1"]
[WhiteElo "2402"]
[BlackElo "2382"]
[PlyCount "94"]
[EventDate "2025.01.18"]
[EventType "swiss"]
[EventRounds "9"]
[EventCountry "MAS"]
[SourceTitle "CB05_2025"]
[SourceDate "2025.01.29"]
[SourceVersion "1"]
[SourceVersionDate "2025.01.29"]
[SourceQuality "1"]

1. e4 e5 2. Nf3 Nc6 3. d4 exd4 4. Nxd4 Nf6 5. Nxc6 bxc6 6. e5 Qe7 7. Qe2 Nd5 8. c4 Ba6 9. b3 g6 10. Ba3 Nb4 11. Bb2 Bg7 12. a3 Nd5 13. Nd2 0-0 14. 0-0-0 Rfe8 15. Qf3 Nb6 16. Ne4 Bxe5 17. Nf6+ Qxf6 18. Qxf6 Bxf6 19. Bxf6 c5 20. h4 d6 21. h5 Nd7 22. Bc3 Rab8 23. Kc2 Ne5 24. hxg6 fxg6 25. Rh4 Bc8 26. Be2 Bf5+ 27. Kb2 Re7 28. Rd2 Rbe8 29. Rh1 a5 30. f4 Nc6 31. Bf3 Be4 32. Bd1 Rf8 33. Rf1 h5 34. g3 Bf5 35. Rg1 a4 36. g4 hxg4 37. Bxg4 Bxg4 38. Rxg4 Rb8 39. Rxg6+ Kf7 40. Rg7+ Kf8 41. Rxe7 Rxb3+ 42. Kc2 Kxe7 43. Bb2 Kf7 44. Bc3 Na5 45. Rd4 Nxc4 46. Kd1 Kg6 47. Ke2 Ne5 0-1

[Event "Johor op 9th"]
[Site "Johor"]
[Date "2025.01.21"]
[Round "6"]
[White "Arfan, Aditya Bagus"]
[Black "Farid, Firman Syah"]
[Result "1-0"]
[WhiteElo "2402"]
[BlackElo "2405"]
[PlyCount "125"]
[EventDate "2025.01.18"]
[EventType "swiss"]
[EventRounds "9"]
[EventCountry "MAS"]
[SourceTitle "CB05_2025"]
[SourceDate "2025.01.29"]
[SourceVersion "1"]
[SourceVersionDate "2025.01.29"]
[SourceQuality "1"]

1. e4 d6 2. d4 Nf6 3. Nc3 e5 4. dxe5 dxe5 5. Qxd8+ Kxd8 6. Bc4 Be6 7. Bxe6 fxe6 8. f3 Bc5 9. Nd1 Nc6 10. Be3 Bb6 11. c3 Ke7 12. Nh3 Rhd8 13. Ke2 Rd6 14. Ndf2 Rad8 15. Rhd1 Bxe3 16. Kxe3 Nd7 17. Nd3 b5 18. Nhf2 a5 19. a4 bxa4 20. Rxa4 Nb6 21. Raa1 Nc4+ 22. Ke2 Rb8 23. Rdb1 Rb3 24. Ra4 Nb6 25. Raa1 Nc4 26. Ra4 Nb6 27. Ra3 Rb5 28. b3 Rd8 29. Ng4 Nc4 30. Raa1 Rdb8 31. Nc1 Nb6 32. Ne3 Nd7 33. Kd2 Nc5 34. Kc2 h5 35. Nc4 h4 36. h3 Kf6 37. Ra3 Kg5 38. Ne2 g6 39. Nxe5 Nxe5 40. f4+ Kh6 41. fxe5 Nxe4 42. Nd4 Rc5 43. c4 Rd8 44. Nf3 Ng5 45. Re1 Nxf3 46. gxf3 Rf8 47. Kd3 Rxf3+ 48. Kd4 Rc6 49. Re3 Rxe3 50. Kxe3 Rb6 51. Kd4 g5 52. Kc3 Ra6 53. c5 g4 54. Ra4 Rc6 55. Kc4 Ra6 56. Kb5 Ra8 57. Rxg4 Kh5 58. Kc6 Rb8 59. Kxc7 Rxb3 60. Kd6 Rxh3 61. Rg8 Rc3 62. c6 Kh6 63. Kxe6 1-0

[Event "Johor op 9th"]
[Site "Johor"]
[Date "2025.01.18"]
[Round "1"]
[White "Shao, Qiyu"]
[Black "Arfan, Aditya Bagus"]
[Result "0-1"]
[WhiteElo "1886"]
[BlackElo "2402"]
[PlyCount "94"]
[EventDate "2025.01.18"]
[EventType "swiss"]
[EventRounds "9"]
[EventCountry "MAS"]
[SourceTitle "CB05_2025"]
[SourceDate "2025.01.29"]
[SourceVersion "1"]
[SourceVersionDate "2025.01.29"]
[SourceQuality "1"]

1. c4 e5 2. Nc3 Nf6 3. g3 Bb4 4. Bg2 0-0 5. Nf3 e4 6. Nd4 Bxc3 7. dxc3 h6 8. 0-0 d6 9. Qc2 Qe7 10. f3 c5 11. Nb5 a6 12. Nxd6 Qxd6 13. Bf4 Qe6 14. fxe4 Nc6 15. Rad1 Ne5 16. b3 Re8 17. Qd2 b5 18. Qe3 Bb7 19. Qxc5 Bxe4 20. Rd6 Qe7 21. Qd4 Bxg2 22. Kxg2 Neg4 23. Re1 bxc4 24. e4 Nh5 25. b4 Nxf4+ 26. gxf4 Rad8 27. Rxd8 Rxd8 28. Qg1 Rd2+ 29. Kg3 Nf6 30. e5 Nh5+ 31. Kg4 g6 32. Qb6 Qd7+ 33. e6 f5+ 34. Kh3 Qd3+ 35. Qe3 Nxf4+ 36. Kg3 Nxe6 37. Qxd3 Rxd3+ 38. Kf2 Kf7 39. Re5 Rxc3 40. Ra5 f4 41. Rxa6 Nd4 42. a4 Rc2+ 43. Kf1 c3 44. Rd6 Rd2 45. a5 c2 46. Rd7+ Ke6 47. Rc7 Rd1+ 0-1

[Event "Sitges Sunway op-A 11th"]
[Site "Sitges"]
[Date "2024.12.13"]
[Round "2"]
[White "Beisteiner, Joachim"]
[Black "Arfan, Aditya Bagus"]
[Result "0-1"]
[WhiteElo "2161"]
[BlackElo "2416"]
[PlyCount "86"]
[EventDate "2024.12.12"]
[EventType "swiss"]
[EventRounds "10"]
[EventCountry "ESP"]
[SourceTitle "CB52_2024"]
[SourceDate "2024.12.25"]
[SourceVersion "1"]
[SourceVersionDate "2024.12.25"]
[SourceQuality "1"]

1. e4 c5 2. c3 d5 3. exd5 Qxd5 4. d4 Nf6 5. Nf3 e6 6. Na3 Nc6 7. Be3 cxd4 8. Nb5 Qd7 9. Nbxd4 a6 10. Be2 Nd5 11. Bd2 Bc5 12. Nxc6 Qxc6 13. c4 Nf6 14. 0-0 Ne4 15. Be1 b6 16. b4 Be7 17. Rc1 0-0 18. Nd2 Rd8 19. Qc2 Bb7 20. Qxe4 Qxe4 21. Nxe4 Bxe4 22. Bc3 Bd3 23. Bxd3 Rxd3 24. Rc2 Rc8 25. Bd2 e5 26. g3 f5 27. Rb1 Kf7 28. Be3 b5 29. c5 g5 30. Rd2 Rxd2 31. Bxd2 Rd8 32. Be1 e4 33. a4 bxa4 34. Bc3 Ke6 35. Kf1 Rd3 36. Rc1 Rd8 37. Rb1 Rd3 38. Rc1 a3 39. Ba1 Kd7 40. Ke2 Kc6 41. Be5 Rb3 42. Bc3 a2 43. Kd2 Rxc3 0-1

[Event "Wch U18"]
[Site "Florianopolis"]
[Date "2024.11.01"]
[Round "4"]
[White "Kocsmar, Akos"]
[Black "Arfan, Aditya Bagus"]
[Result "1/2-1/2"]
[WhiteElo "2196"]
[BlackElo "2405"]
[PlyCount "51"]
[EventDate "2024.10.29"]
[EventType "swiss"]
[EventRounds "11"]
[EventCountry "BRA"]
[SourceTitle "CB45_2024"]
[Source "ChessBase"]
[SourceDate "2024.11.06"]
[SourceVersion "1"]
[SourceVersionDate "2024.11.06"]
[SourceQuality "1"]

1. d4 Nf6 2. c4 c6 3. Nc3 d5 4. e3 a6 5. Nf3 Bf5 6. Qb3 Ra7 7. cxd5 cxd5 8. Nh4 Bc8 9. Bd3 e6 10. Nf3 Nc6 11. 0-0 b5 12. e4 dxe4 13. Nxe4 Be7 14. a4 bxa4 15. Rxa4 Nd5 16. Bd2 Rb7 17. Qc4 Rc7 18. Qb3 Rb7 19. Qc4 Rb6 20. Nc5 Rxb2 21. Qc1 Rb6 22. Nxa6 0-0 23. Nc5 Ndb4 24. Bxb4 Nxb4 25. Bxh7+ Kxh7 26. Qb1+ 1/2-1/2

[Event "Wch U18"]
[Site "Florianopolis"]
[Date "2024.10.31"]
[Round "3"]
[White "Arfan, Aditya Bagus"]
[Black "May Sanchez, Andres Elias"]
[Result "1-0"]
[WhiteElo "2405"]
[BlackElo "2142"]
[PlyCount "76"]
[EventDate "2024.10.29"]
[EventType "swiss"]
[EventRounds "11"]
[EventCountry "BRA"]
[SourceTitle "CB45_2024"]
[Source "ChessBase"]
[SourceDate "2024.11.06"]
[SourceVersion "1"]
[SourceVersionDate "2024.11.06"]
[SourceQuality "1"]

1. e4 e5 2. Nf3 Nc6 3. d4 exd4 4. Nxd4 Qf6 5. Nf3 Bb4+ 6. c3 Bc5 7. Be2 Nge7 8. 0-0 0-0 9. b4 Bb6 10. Bg5 Qe6 11. Nbd2 d6 12. Nc4 h6 13. Bxe7 Qxe7 14. a4 a5 15. b5 Ne5 16. Nxb6 cxb6 17. Nd4 Ng6 18. Bd3 Qg5 19. Re1 Bh3 20. g3 Rac8 21. Rc1 Rc7 22. Bf1 Bg4 23. f3 Bd7 24. Bg2 Rfc8 25. f4 Qf6 26. Re3 h5 27. Rd3 Rc4 28. Bf3 h4 29. Ne2 hxg3 30. hxg3 Be6 31. Kf2 d5 32. exd5 Bf5 33. Re3 Qd6 34. Qh1 Qc5 35. Qd1 Re8 36. Qd4 Rxe3 37. Qxe3 Rxa4 38. Qxc5 bxc5 1-0

[Event "Budapest One Week GM-B 08"]
[Site "Budapest"]
[Date "2024.08.20"]
[Round "9"]
[White "Arfan, Aditya Bagus"]
[Black "Gedajlovic, Max"]
[Result "1-0"]
[WhiteElo "2405"]
[BlackElo "2378"]
[PlyCount "71"]
[EventDate "2024.08.14"]
[EventType "tourn"]
[EventRounds "9"]
[EventCountry "HUN"]
[EventCategory "6"]
[SourceTitle "EXT 2025"]
[Source "ChessBase"]
[SourceDate "2024.10.14"]
[SourceVersion "1"]
[SourceVersionDate "2024.10.14"]
[SourceQuality "1"]

1. Nf3 d5 2. c4 d4 3. b4 Nf6 4. Bb2 c5 5. e3 dxe3 6. fxe3 cxb4 7. d4 g6 8. Nbd2 Bg7 9. Bd3 Nbd7 10. 0-0 0-0 11. a3 bxa3 12. Bxa3 Re8 13. c5 Bh6 14. Re1 e5 15. Bc4 e4 16. Qb3 exf3 17. Bxf7+ Kh8 18. Bxe8 f2+ 19. Kxf2 Qxe8 20. Kg1 Ne4 21. Nxe4 Qxe4 22. Qf7 Bg7 23. d5 Nf6 24. Rad1 Bd7 25. c6 bxc6 26. d6 Rf8 27. Qe7 Qc2 28. Rf1 Re8 29. Qf7 Rf8 30. Qe7 Re8 31. Qf7 Be6 32. Qb7 Bd5 33. Rxd5 Nxd5 34. d7 Rd8 35. Qc8 Bf6 36. Rxf6 1-0

[Event "Budapest One Week GM-B 08"]
[Site "Budapest"]
[Date "2024.08.18"]
[Round "6"]
[White "Arfan, Aditya Bagus"]
[Black "Tarigan, Gilbert Elroy"]
[Result "0-1"]
[WhiteElo "2405"]
[BlackElo "2359"]
[PlyCount "174"]
[EventDate "2024.08.14"]
[EventType "tourn"]
[EventRounds "9"]
[EventCountry "HUN"]
[EventCategory "6"]
[SourceTitle "EXT 2025"]
[Source "ChessBase"]
[SourceDate "2024.10.14"]
[SourceVersion "1"]
[SourceVersionDate "2024.10.14"]
[SourceQuality "1"]

1. Nf3 d5 2. c4 dxc4 3. e3 Nf6 4. Bxc4 e6 5. 0-0 c5 6. Qe2 Nc6 7. Rd1 a6 8. a4 Be7 9. Nc3 0-0 10. d4 cxd4 11. exd4 Nb4 12. Ne5 b6 13. Bg5 Bb7 14. Rac1 Nfd5 15. Bd2 Bg5 16. Ne4 Bxd2 17. Qxd2 Qe7 18. a5 bxa5 19. Nc5 Nb6 20. Ra1 Nxc4 21. Nxc4 Bd5 22. Nxa5 Rfb8 23. Ra4 Rb5 24. Rxb4 Rxa5 25. h3 Ra2 26. Qf4 h6 27. Rd3 Qg5 28. Qxg5 Ra1+ 29. Kh2 hxg5 30. f3 a5 31. Rb6 Rd8 32. Rd2 a4 33. Ra6 Ra8 34. Rxa8+ Bxa8 35. Rd3 Bc6 36. Ra3 Rd1 37. Nxa4 Rxd4 38. Nc5 Rd2 39. b4 Bd5 40. Kg1 Rb2 41. Nd3 Rb1+ 42. Kf2 f6 43. Rc3 e5 44. Rc2 Kf7 45. Rb2 Rxb2+ 46. Nxb2 Bb3 47. Nd3 Ke7 48. Nc5 Bc4 49. Ne4 Bd3 50. Ke3 Bf1 51. Kf2 Bd3 52. Ng3 Ke6 53. Ke3 Bb5 54. Ne4 Kd5 55. g3 Kc4 56. h4 gxh4 57. gxh4 Kxb4 58. f4 Bc6 59. fxe5 fxe5 60. Ng5 Bd5 61. Ne4 Kb5 62. Ng3 Kc5 63. Nh5 g6 64. Nf6 Bf7 65. Ne4+ Kd5 66. Ng5 Be6 67. Ne4 Bf5 68. Ng3 Bb1 69. Ne2 Ke6 70. Ng3 Bc2 71. Kd2 Bb1 72. Ke3 Kf6 73. Kf3 Bc2 74. Ke3 Ba4 75. Kf3 Ke6 76. Kg4 Bd1+ 77. Kg5 Bh5 78. Ne4 Kd5 79. Nd2 Kd4 80. Nb3+ Kc4 81. Nd2+ Kd3 82. Nf1 Ke2 83. Ng3+ Kf3 84. Nf1 e4 85. Nd2+ Ke3 86. Nb3 Kf2 87. Nc5 e3 0-1

[Event "Budapest One Week GM-B 08"]
[Site "Budapest"]
[Date "2024.08.17"]
[Round "5"]
[White "Berczes, David"]
[Black "Arfan, Aditya Bagus"]
[Result "0-1"]
[WhiteElo "2399"]
[BlackElo "2405"]
[PlyCount "60"]
[EventDate "2024.08.14"]
[EventType "tourn"]
[EventRounds "9"]
[EventCountry "HUN"]
[EventCategory "6"]
[SourceTitle "EXT 2025"]
[Source "ChessBase"]
[SourceDate "2024.10.14"]
[SourceVersion "1"]
[SourceVersionDate "2024.10.14"]
[SourceQuality "1"]

1. Nf3 d5 2. g3 Nd7 3. d4 Nb6 4. Nc3 Nf6 5. a4 a5 6. Bg2 Bf5 7. Nh4 e6 8. Nxf5 exf5 9. Qd3 Qd7 10. Bf4 Be7 11. Qb5 Bd8 12. Qxd7+ Kxd7 13. f3 Re8 14. 0-0 c6 15. Rae1 Nc4 16. Bh3 g6 17. e4 Bb6 18. exf5 Bxd4+ 19. Kh1 g5 20. Bxg5 Rxe1 21. Rxe1 Nxb2 22. Na2 Nxa4 23. Rd1 Be5 24. f4 Ne4 25. f6+ Kc7 26. fxe5 Nxg5 27. Bg2 Re8 28. Rd4 Nc5 29. Rg4 Rxe5 30. h4 Nge6 0-1

[Event "Budapest One Week GM-B 08"]
[Site "Budapest"]
[Date "2024.08.16"]
[Round "4"]
[White "Arfan, Aditya Bagus"]
[Black "Nagy, Gabor"]
[Result "1/2-1/2"]
[WhiteElo "2405"]
[BlackElo "2449"]
[PlyCount "39"]
[EventDate "2024.08.14"]
[EventType "tourn"]
[EventRounds "9"]
[EventCountry "HUN"]
[EventCategory "6"]
[SourceTitle "EXT 2025"]
[Source "ChessBase"]
[SourceDate "2024.10.14"]
[SourceVersion "1"]
[SourceVersionDate "2024.10.14"]
[SourceQuality "1"]

1. Nf3 Nf6 2. c4 c5 3. b3 d5 4. cxd5 Nxd5 5. Bb2 Nc6 6. e3 Ndb4 7. Bb5 Nd3+ 8. Bxd3 Qxd3 9. Qe2 Nb4 10. Na3 Bf5 11. Bc3 Qxe2+ 12. Kxe2 Bd3+ 13. Kd1 Nc6 14. Nc4 f6 15. a4 e5 16. Ne1 Bg6 17. Ke2 Be7 18. d3 0-0-0 19. e4 Rd7 20. Nc2 1/2-1/2

[Event "Vlissingen HZ op 26th"]
[Site "Vlissingen"]
[Date "2024.08.10"]
[Round "9"]
[White "Hng, Mei En Emmanuelle"]
[Black "Arfan, Aditya Bagus"]
[Result "0-1"]
[WhiteElo "2145"]
[BlackElo "2405"]
[PlyCount "112"]
[EventDate "2024.08.03"]
[EventType "swiss"]
[EventRounds "9"]
[EventCountry "NED"]
[SourceTitle "CBM 221 Extra"]
[Source "ChessBase"]
[SourceDate "2024.09.30"]
[SourceVersion "1"]
[SourceVersionDate "2024.09.30"]
[SourceQuality "1"]

1. e4 c6 2. d4 d5 3. e5 Bf5 4. h4 h5 5. c4 e6 6. Nc3 dxc4 7. Bxc4 Nd7 8. Nf3 Be7 9. Bd3 Bg4 10. Be2 Nh6 11. Bg5 Nf5 12. g3 Bxf3 13. Bxf3 Nb6 14. Bxe7 Qxe7 15. Be4 0-0-0 16. Bxf5 exf5 17. 0-0 g6 18. a4 a5 19. Qb3 Nd5 20. Rac1 Qb4 21. Qxb4 Nxb4 22. Nb5 Rhe8 23. Rfd1 Re7 24. Nd6+ Kb8 25. Kg2 Ka7 26. Rc5 Ka6 27. f4 Red7 28. Kf3 Kb6 29. Nc4+ Kc7 30. Rxa5 Rxd4 31. Rxd4 Rxd4 32. Nd6 Na6 33. Nxf7 Kd7 34. Ng5 Ke7 35. e6 Rd3+ 36. Kf2 Rd2+ 37. Ke3 Rxb2 38. Re5 Rb3+ 39. Kf2 Ra3 40. Ra5 Ra2+ 41. Kf3 Ra3+ 42. Kf2 Rc3 43. Nf3 Rc5 44. Rxc5 Nxc5 45. a5 Nb3 46. a6 bxa6 47. Ne5 c5 48. Ke3 Kxe6 49. Kd3 a5 50. Nxg6 a4 51. Kc3 Nd4 52. Nf8+ Kd6 53. Nh7 a3 54. Nf6 c4 55. Nxh5 Ne2+ 56. Kc2 a2 0-1

[Event "Jakarta Pertamina GM"]
[Site "Jakarta"]
[Date "2024.05.01"]
[Round "11"]
[White "Arfan, Aditya Bagus"]
[Black "Agibileg, Uurtsaikh"]
[Result "1/2-1/2"]
[WhiteElo "2407"]
[BlackElo "2442"]
[PlyCount "121"]
[EventDate "2024.04.23"]
[EventType "tourn"]
[EventRounds "11"]
[EventCountry "INA"]
[EventCategory "8"]
[SourceTitle "CBM 220 Extra"]
[Source "ChessBase"]
[SourceDate "2024.07.31"]
[SourceVersion "1"]
[SourceVersionDate "2024.07.31"]
[SourceQuality "1"]

1. Nf3 Nf6 2. g3 g6 3. Bg2 Bg7 4. 0-0 0-0 5. d4 d6 6. c4 Nbd7 7. Nc3 e5 8. Qc2 exd4 9. Nxd4 Re8 10. b3 Ng4 11. e3 Nc5 12. Bb2 a5 13. Rad1 Bd7 14. Ndb5 Ne5 15. h3 a4 16. Ba1 axb3 17. axb3 Nc6 18. Nd5 Bf5 19. e4 Bxe4 20. Bxe4 Rxa1 21. Rxa1 Bxa1 22. Rxa1 Nxe4 23. Nbxc7 Nb4 24. Nxb4 Qxc7 25. Nd5 Qc5 26. Re1 f5 27. Rxe4 Rxe4 28. Nf6+ Kf7 29. Nxe4 fxe4 30. Qxe4 Qb4 31. Qf3+ Kg7 32. g4 b6 33. h4 Kg8 34. Kg2 Kg7 35. Kg3 Kg8 36. g5 Kg7 37. Kg4 Qc5 38. Qf6+ Kg8 39. h5 Qc8+ 40. Kh4 gxh5 41. f3 Qd7 42. b4 Qc8 43. Qxd6 Qxc4+ 44. Kxh5 b5 45. f4 Qe2+ 46. Kh4 Qf3 47. Qe5 Kf7 48. Qf5+ Kg7 49. Qd7+ Kg8 50. Qxb5 Qxf4+ 51. Kh3 Qf3+ 52. Kh2 Qf2+ 53. Kh1 Kf7 54. Qd5+ Ke7 55. b5 Qg3 56. Qc6 Qh4+ 57. Kg2 Qxg5+ 58. Kf3 Qf5+ 59. Ke3 Qe5+ 60. Qe4 Qxe4+ 61. Kxe4 1/2-1/2

[Event "Penang op-A 15th"]
[Site "Penang"]
[Date "2023.12.19"]
[Round "4"]
[White "Sidabutar, Uriel Noah Oloan"]
[Black "Arfan, Aditya Bagus"]
[Result "0-1"]
[WhiteElo "2008"]
[BlackElo "2404"]
[PlyCount "78"]
[EventDate "2023.12.18"]
[EventType "swiss"]
[EventRounds "9"]
[EventCountry "MAS"]
[SourceTitle "CBM 217 Extra"]
[Source "ChessBase"]
[SourceDate "2024.01.31"]
[SourceVersion "1"]
[SourceVersionDate "2024.01.31"]
[SourceQuality "1"]

1. e4 c6 2. d4 d5 3. Nd2 dxe4 4. Nxe4 Nf6 5. Nxf6+ exf6 6. Bf4 Be7 7. Nf3 0-0 8. Bd3 Bb4+ 9. c3 Re8+ 10. Be3 Bf8 11. Qc2 h6 12. 0-0-0 Be6 13. Kb1 b5 14. Rhg1 Qd5 15. b3 a5 16. Nd2 a4 17. b4 Na6 18. a3 Qd7 19. g4 Nc7 20. Rde1 Bxg4 21. f3 Nd5 22. Be4 Nxe3 23. Rxe3 Be6 24. Re2 f5 25. Bd3 Bd6 26. Reg2 g6 27. Nf1 Bf4 28. Ng3 Kf8 29. Ne2 Be3 30. Re1 Bb3 31. Qb2 Qd5 32. Rf1 Ra7 33. Nc1 Bc4 34. Bxc4 Qxc4 35. Rd1 Bxc1 36. Qxc1 Kg7 37. Qc2 Rae7 38. Rdd2 Re3 39. Kb2 Rxf3 0-1

[Event "Penang op-A 15th"]
[Site "Penang"]
[Date "2023.12.18"]
[Round "1"]
[White "Arfan, Aditya Bagus"]
[Black "Genkeswaran, Genivan"]
[Result "1-0"]
[WhiteElo "2404"]
[BlackElo "1714"]
[PlyCount "67"]
[EventDate "2023.12.18"]
[EventType "swiss"]
[EventRounds "9"]
[EventCountry "MAS"]
[SourceTitle "CBM 217 Extra"]
[Source "ChessBase"]
[SourceDate "2024.01.31"]
[SourceVersion "1"]
[SourceVersionDate "2024.01.31"]
[SourceQuality "1"]

1. e4 c6 2. c4 d5 3. exd5 cxd5 4. cxd5 Nf6 5. Nc3 Nxd5 6. Nf3 e6 7. Bc4 Nc6 8. 0-0 Be7 9. d4 0-0 10. Bd3 Re8 11. Qe2 Bf6 12. Rd1 g6 13. Bh6 Bd7 14. Ne4 Bg7 15. Bxg7 Kxg7 16. Nd6 Rf8 17. Nxb7 Qc7 18. Nc5 Nxd4 19. Qe5+ Qxe5 20. Nxe5 Bb5 21. Be4 Ne2+ 22. Kh1 Rac8 23. Nb7 Nf6 24. Bf3 Rc2 25. Nd6 Ba6 26. b4 Nc3 27. Rdc1 Rxc1+ 28. Rxc1 Nb5 29. Nexf7 Nd5 30. Ng5 Rxf3 31. Nxf3 Nxd6 32. Rc6 Nxb4 33. Rxd6 Bc4 34. Rd4 1-0